|
|
|
|
| LEADER |
00000cam a22000004a 4500 |
| 001 |
musev2_83012 |
| 003 |
MdBmJHUP |
| 005 |
20230905052528.0 |
| 006 |
m o d |
| 007 |
cr||||||||nn|n |
| 008 |
190226t20202020nyu o 00 0 eng d |
| 010 |
|
|
|z 2019009446
|
| 020 |
|
|
|a 9781479857623
|
| 020 |
|
|
|z 9781479835683
|
| 035 |
|
|
|a (OCoLC)1148071474
|
| 040 |
|
|
|a MdBmJHUP
|c MdBmJHUP
|
| 100 |
1 |
|
|a Stern, Stephanie M.,
|e author.
|
| 245 |
1 |
4 |
|a The Psychology of Property Law /
|c Stephanie M. Stern and Daphna Lewinsohn-Zamir ; with a preface by Linda J. Demaine.
|
| 264 |
|
1 |
|a New York :
|b New York University Press,
|c [2020]
|
| 264 |
|
3 |
|a Baltimore, Md. :
|b Project MUSE,
|c 2021
|
| 264 |
|
4 |
|c ©[2020]
|
| 300 |
|
|
|a 1 online resource.
|
| 336 |
|
|
|a text
|b txt
|2 rdacontent
|
| 337 |
|
|
|a computer
|b c
|2 rdamedia
|
| 338 |
|
|
|a online resource
|b cr
|2 rdacarrier
|
| 490 |
0 |
|
|a Psychology and the law
|
| 505 |
0 |
|
|a Part I. Rights in property -- Ownership and possession -- Protecting homes and other types of property -- Part II. State interference with property -- Takings -- Redistribution through property law -- Part III. Real estate transactions -- Transacting property -- Discrimination and exclusion -- Part IV. Remedies -- Property rules versus liability rules -- In-kind remedies versus monetary remedies.
|
| 588 |
|
|
|a Description based on print version record.
|
| 650 |
|
7 |
|a Things (Law)
|2 fast
|0 (OCoLC)fst01150065
|
| 650 |
|
7 |
|a Right of property.
|2 fast
|0 (OCoLC)fst01097863
|
| 650 |
|
7 |
|a Property
|x Psychological aspects.
|2 fast
|0 (OCoLC)fst01079128
|
| 650 |
|
7 |
|a Property.
|2 fast
|0 (OCoLC)fst01079116
|
| 650 |
|
7 |
|a Possessiveness.
|2 fast
|0 (OCoLC)fst01072687
|
| 650 |
|
7 |
|a Possession (Law)
|2 fast
|0 (OCoLC)fst01072681
|
| 650 |
|
7 |
|a Acquisition of property.
|2 fast
|0 (OCoLC)fst00795997
|
| 650 |
|
0 |
|a Possessiveness.
|
| 650 |
|
0 |
|a Property
|x Psychological aspects.
|
| 650 |
|
0 |
|a Acquisition of property.
|
| 650 |
|
0 |
|a Things (Law)
|
| 650 |
|
0 |
|a Possession (Law)
|
| 650 |
|
0 |
|a Right of property.
|
| 650 |
|
0 |
|a Property.
|
| 655 |
|
7 |
|a Electronic books.
|2 local
|
| 700 |
1 |
|
|a Demaine, Linda J.,
|e writer of preface.
|
| 700 |
1 |
|
|a Lewinsohn-Zamir, Daphna,
|e author.
|
| 710 |
2 |
|
|a Project Muse.
|e distributor
|
| 830 |
|
0 |
|a Book collections on Project MUSE.
|
| 856 |
4 |
0 |
|z Texto completo
|u https://projectmuse.uam.elogim.com/book/83012/
|
| 945 |
|
|
|a Project MUSE - Custom Collection
|